| 000 | 01814nam0a2200421 4500 | ||
|---|---|---|---|
| 001 | RU\NLR\BIBL_A\011541032 | ||
| 005 | 20260406145623.0 | ||
| 010 |
_a9785090581301 _92000 |
||
| 021 |
_aRU _b2017-84267 _96013 |
||
| 035 | _a(RuMoRGB)009445212 | ||
| 035 | _a(NLR Aleph) 011541032 | ||
| 090 |
_a12195204 _c12195204 |
||
| 100 | _a20171128d2018 e y0rusy50 ca | ||
| 101 | 0 | _arus | |
| 102 | _aRU | ||
| 105 | _aac j 001zy | ||
| 200 | 1 |
_aИнформатика _e10 класс _eбазовый и углублённый уровни _eучебник для общеобразовательных организаций _f[А. Г. Гейн, А. Б. Ливчак, А. И. Сенокосов, Н. А. Юнерман] |
|
| 205 | _a4-е изд. | ||
| 210 |
_aМосква _cПросвещение _d2018 _d[т. е. 2017] |
||
| 215 |
_a272 с. _cил., портр. _d22 |
||
| 225 | 1 | _aФГОС | |
| 300 | _aАвт. указаны на обороте тит. с. | ||
| 300 | _aФактическая дата выхода в свет - 2017 | ||
| 313 | _aПо пред.изд. 2017г | ||
| 320 | _aБиблиогр.: с. 265 | ||
| 320 | _aПредм. указ.: с. 266-268 | ||
| 606 |
_aИнформатика _jУчебники для средней школы _92081274 _3RU\NLR\AUTH\661257251 |
||
| 675 | _a004 | ||
| 686 |
_aЗ973.233я721-1 _2rubbk |
||
| 686 | 1 | _aЗ973.233я721-1 | |
| 701 | 1 |
_7ca _8rus _aГейн _bА. Г. _f1950- _gАлександр Георгиевич _9114709 _3RU\NLR\AUTH\774732 |
|
| 701 | 1 |
_aЛивчак _bА. Б. _gАлександр Борисович |
|
| 701 | 1 |
_aСенокосов _bА. И. _gАлександр Иванович |
|
| 701 | 1 |
_aЮнерман _bН. А. _gНина Ароновна |
|
| 942 | _cBOOK | ||
| 980 | _aNBR | ||